fight or flight - Henry Moodie (All lyrics) - Statistics

General Stats
  • This quiz has been taken 14 times
  • The average score is 294 of 341
Answer Stats
Lyrics % Correct
a
100%
All
100%
all
100%
and
100%
are
100%
bad
100%
be
100%
Be
100%
But
100%
don't
100%
fight
100%
flight
100%
good
100%
I
100%
i
100%
if
100%
I'm
100%
in
100%
is
100%
Is
100%
it
100%
It's
100%
leave
100%
love
100%
me
100%
my
100%
now
100%
of
100%
off
100%
Or
100%
or
100%
still
100%
take
100%
Tell
100%
that
100%
the
100%
there
100%
This
100%
this
100%
to
100%
too
100%
wanna
100%
was
100%
we
100%
who
100%
will
100%
Will
100%
with
100%
Would
100%
would
100%
you
100%
you're
100%
alone
80%
ask
80%
call
80%
Cause
80%
dark
80%
feel
80%
fell
80%
For
80%
give
80%
heart
80%
know
80%
need
80%
over
80%
right
80%
So
80%
stay
80%
that's
80%
Through
80%
through
80%
up
80%
What
80%
you'll
80%
apart
60%
asking
60%
away
60%
better
60%
called
60%
either
60%
eyes
60%
fall
60%
falling
60%
Just
60%
Last
60%
lasts
60%
lies
60%
losing
60%
lost
60%
minds
60%
naive
60%
november
60%
piece
60%
promise
60%
ready
60%
run
60%
scars
60%
september
60%
since
60%
someone
60%
something
60%
starts
60%
teen
60%
those
60%
true
60%
world
60%
24
40%
7
40%
around
40%
babe
40%
bluff
40%
fears
40%
guilty
40%
holiday
40%
hope
40%
I'd
40%
known
40%
Only
40%
rain
40%
reckless
40%
Sun
40%
trust
40%
two
40%
while
40%
Wish
40%
No matching quizzes found
Score Distribution
Percent of People with Each Score
Percentile by Number Answered
Your Score History
You have not taken this quiz